Shrimad Bhagwat Geeta in Hindi (Record no. 5746)

MARC details
000 -LEADER
fixed length control field 00335nam a2200133Ia 4500
008 - FIXED-LENGTH DATA ELEMENTS--GENERAL INFORMATION
fixed length control field 191201s2011 xx 000 0 und d
100 ## - MAIN ENTRY--PERSONAL NAME
Personal name BHAKTIVEDANTA,AC
245 #0 - TITLE STATEMENT
Title Shrimad Bhagwat Geeta in Hindi
250 ## - EDITION STATEMENT
Edition statement rep
260 ## - PUBLICATION, DISTRIBUTION, ETC. (IMPRINT)
Place of publication, distribution, etc Babyal
Name of publisher, distributor, etc Bhaktivedanta Book Trust
Date of publication, distribution, etc 2011
300 ## - PHYSICAL DESCRIPTION
Extent 576
650 ## - SUBJECT ADDED ENTRY--TOPICAL TERM
Topical term or geographic name as entry element General Books
942 ## - ADDED ENTRY ELEMENTS (KOHA)
Source of classification or shelving scheme Dewey Decimal Classification
Koha item type Text Books
Holdings
Withdrawn status Lost status Source of classification or shelving scheme Damaged status Not for loan Collection code Home library Current library Date acquired Cost, normal purchase price Bill Number Total Checkouts Full call number Acc. no. / Barcode Date last seen Date last borrowed Bill Date Koha item type Public note
    Dewey Decimal Classification     GENERAL PIET C-LIBRARY PIET C-LIBRARY 31/05/2013 0.00 Donated by 2809055 Rahul Gupta 3 294.5 BHS 22587 24/05/2025 23/05/2025 31/05/2013 Text Books Donated by 2809055 Rahul Gupta

Design & Developed by: PIET Central Library
R70 Miles Stone Pattikalyana Samalkha Panipat 132102
mail ID :- [email protected], Phone No:- 0180-2569700 Ex.216